Murre visa - Statistics

Yleistilastot
  • Tätä visaa on pelattu 102 kertaa
  • Keskiarvotulos 9 / 18
Vastaustilastot
Kysymys Vastaus % Oikein
Turkulaisen romput kastuivat. Mitä ovat romput? Lahkeet
92%
Mihin olet potkaissut varpaasi Tampereella, jos se osuu rotvalliin? Jalkakäytävän reunakivetykseen
83%
Pitäis pojan nohevoitua! Mitä pojan pitää tehdä? Ottaa itseään niskasta kiinni
69%
Mikä on fröökynä? Hieno neiti tai rouva
66%
Mitä tarkoittaa idässä viljelty sana vanna? Kylpyammetta
63%
Saikkaamisesta voi kehittyä sopora. Siis mitä? Sekoilusta voi aiheutua riitaa
63%
Oulussa kaverisi on mennyt pahki. Mitä tälle on tapahtunut? Törmännyt johonkin
61%
Viskooppa melekutin! Mitäköhän Savolainen tässä pyytää? Ojentaisitko lusikan?
56%
Jos Etelä-Pohjanmaalla eteen osuu itikka, mitä silloin pällistellään? Lehmää
53%
Kummalla puolella Aurajokea olet Turussa, jos olet "täl pual jokke"? Tuomiokirkon puolella
53%
Mitkä ovat kusiluistimet? Sandaalit
51%
Harry Potter -kirjojen maailmassa jästi tarkoittaa henkilöä, joka ei osaa taikoa. Mitä jästi tarkoittaa Rovaniemellä? Hiivaa
49%
Jos savolainen pyytää sinua hakemaan korvon, mitä hän haluaa? Saavin
41%
Esimerkiksi Joensuussa tai Orivedellä saatetaan homelehtia. Eli tehdä mitä? Harhailla jossakin
37%
Mitä saat, jos tilaat Jyväskylässä taksarin? Makkaraperunat
32%
Joku kutsuu sinua Etelä-Savossa köpsäksi mitä hän tarkoittaa? Tyhmää
32%
Ainakin Porissa ja Rauman seudulla tunnetaan sana tillukkaat. Mitä se tarkoittaa? Lyhytvartiset tai varrettomat villasukat
31%
Jos joku Länsi-Uudellamaalla toetaa sinulle "mene museoon", mitä hän tarkoittaa? Älä viitsi
10%
Ehtoja vastaavia visoja ei löytynyt
Tulosjakauma
Jokaisen tuloksen saaneiden osuus
Persentiili vastausten määrän mukaan
Tuloshistoriasi
Et ole pelannut tätä visaa